000 00872nam a22002297a 4500
003 UA-OsUOA
001 80635
007 ta
008 20111219b un ||||| |||| 00| 0 ukr d
090 _a82.09(438)
_bС91
942 _cBK
040 _aUA-OsUOA
_bukr
_cUA-OsUOA
_dUA-OsUOA
245 _aСучасна рецепція творчості Бруно Шульца
_bнаукові матеріали ІІІ Міжнародного Фестивалю Бруно Шульца в Дрогобичі
_cза ред. Меньок В.
300 _a303 с.
955 _a1
041 _aukr
080 _a82.09(438)
020 _a978-966-2405-04-0
260 _aДрогобич
_bТовариство Фестиваль Бруно Шульца у Любліні
_c2009
650 7 _a82 Література. Літературознавство
_2UDC
999 _c366943
_d366943